000 00352 a2200109 4500
245 _aenchanted April
_hprint
700 _aVon Arnim, Elizabeth
005 20191017174133.0
260 _aenk
_bHamilton
_c1973
084 _aPZ3.R9158 En5
300 _a221 p. 21 cm.
_b221 p. 21 cm.
_c221 p. 21 cm.
500 _aby the author of "Elizabeth and her German garden". [Mary Annette von Arnim]
999 _c11214
_d11214